[International marketing- theory, practises and new trends]

Recenzia na publikáciu, ktorá prezentuje tradičné prístupy k chápaniu medzinárodného marketingu, pričom ich výstižne prepája s aktuálnym dianím vo svetovom hospodárstve.

Enregistré dans:
Détails bibliographiques
Auteur principal: Škorvagová, Simona
Format: Chapitre de livre
Langue:slovaque
Sujets:
Tags: Ajouter un tag
Pas de tags, Soyez le premier à ajouter un tag!

MARC

LEADER 00000naa a2200000 4500
001 0238878
005 20240502073851.2
041 0 |a slo 
044 |a SK 
245 1 0 |a [International marketing- theory, practises and new trends]  |c Simona Škorvagová 
520 |a Recenzia na publikáciu, ktorá prezentuje tradičné prístupy k chápaniu medzinárodného marketingu, pričom ich výstižne prepája s aktuálnym dianím vo svetovom hospodárstve. 
610 2 0 |a marketing medzinárodný 
610 2 0 |a recenzie 
610 2 0 |a hospodárstvo svetové 
100 1 |a Škorvagová, Simona